| 000 | 01033nac a22003377a 4500 | ||
|---|---|---|---|
| 001 | BR0809515 | ||
| 003 | BR-BrBNA | ||
| 005 | 20240105123710.0 | ||
| 008 | 230509b bl.|||m| |||| 00| 0 por d | ||
| 040 |
_aBR-BrBNA _bpor _cBiblioteca Nacional de Agricultura |
||
| 072 | _ap; P34 | ||
| 090 | _ap BR0809515 | ||
| 100 | 1 | _aSantos Junior, J. de D.G. dos | |
| 100 | 1 | _aSá, M.A.C. de | |
| 100 | 1 | _aFerreira, E.A.B. | |
| 100 | 1 | _aResck, D.V.S. | |
| 100 | 1 | _aLavres Júnior, J. | |
| 110 | 1 | _aEMBRAPA Cerrados, Planaltina, DF (Brasil) | |
| 245 | 1 | _aO sistema minirhizotron no estudo da dinâmica de raízes | |
| 260 | 3 |
_aPlanaltina, DF (Brasil): _c2007. |
|
| 300 | _a24 p. | ||
| 490 |
_aDocumentos - EMBRAPA Cerrados (Brazil) _vno. 203 _xISSN 1517-5111 |
||
| 500 | _aSummaries (En, Pt); 36 ref. | ||
| 650 | _aRAIZ | ||
| 650 | _aSISTEMA RADICULAR | ||
| 650 | _aMATÉRIA ORGÂNICA | ||
| 650 | _aFERTILIDADE DO SOLO | ||
| 650 | _aRIZOSFERA | ||
| 909 |
_a202312 _bLúcia Elande _c55 _dLúcia Elande |
||
| 942 |
_2AGRIS _n0 _cMS |
||
| 999 |
_c296606 _d296606 |
||